UFC champions all time - Statistics

General Stats
  • This quiz has been taken 146 times
    23 since last reset
  • The average score is 86 of 139
Answer Stats
Hint Answer % Correct
Featherweight | Lightweight Conor McGregor
100%
Flyweight Demetrious Johnson
100%
Featherweight | Lightweight Ilia Topuria
100%
Lightweight | Welterweight Islam Makhachev
100%
Heavyweight | Light Heavyweight Jon Jones
100%
Lightweight Khabib Nurmagomedov
100%
Bantamweight Merab Dvalishvili
100%
Featherweight Alexander Volkanovski
95%
Welterweight Kamaru Usman
95%
Middleweight Khamzat Chimaev
95%
Featherweight Max Holloway
95%
Bantamweight Petr Yan
95%
Bantamweight Sean O'Malley
95%
Heavyweight Tom Aspinall
95%
Lightweight Charles Oliveira
89%
Heavyweight | Light Heavyweight Daniel Cormier
89%
Middleweight Dricus du Plessis
89%
Middleweight | Welterweight Georges St-Pierre
89%
Featherweight José Aldo
89%
Middleweight Sean Strickland
89%
Heavyweight Stipe Miocic
89%
Light Heavyweight | Middleweight Alex Pereira
84%
Bantamweight Aljamain Sterling
84%
Heavyweight Francis Ngannou
84%
Middleweight Israel Adesanya
84%
Light Heavyweight Jiří Procházka
84%
Light Heavyweight Magomed Ankalaev
84%
Middleweight Anderson Silva
79%
Bantamweight Dominick Cruz
79%
Lightweight Eddie Alvarez
79%
Welterweight Leon Edwards
79%
Flyweight Alexandre Pantoja
74%
Welterweight Belal Muhammad
74%
Lightweight | Welterweight B.J. Penn
74%
Bantamweight | Flyweight Henry Cejudo
74%
Middleweight Robert Whittaker
74%
Bantamweight T.J. Dillashaw
74%
Flyweight Brandon Moreno
68%
Heavyweight Brock Lesnar
68%
Bantamweight Cody Garbrandt
68%
Welterweight Jack Della Maddalena
68%
Light Heavyweight Jan Błachowicz
68%
Middleweight Michael Bisping
68%
Women's Flyweight Valentina Shevchenko
68%
Women's Bantamweight Amanda Nunes
63%
Flyweight Deiveson Figueiredo
63%
Light Heavyweight Glover Teixeira
63%
Welterweight Matt Hughes
63%
Women's Bantamweight Ronda Rousey
63%
Welterweight Tyron Woodley
63%
Light Heavyweight Chuck Liddell
58%
Lightweight Frankie Edgar
58%
Women's Bantamweight Holly Holm
58%
Light Heavyweight Jamahal Hill
58%
Light Heavyweight Lyoto Machida
58%
Welterweight Robbie Lawler
58%
Middleweight Chris Weidman
53%
Welterweight Johny Hendricks
53%
Women's Bantamweight Kayla Harrison
53%
Women's Strawweight Mackenzie Dern
53%
Welterweight Matt Serra
53%
Light Heavyweight Quinton Jackson
53%
Lightweight Rafael dos Anjos
53%
Women's Strawweight Zhang Weili
53%
Women's Flyweight Alexa Grasso
47%
Heavyweight Cain Velasquez
47%
Women's Bantamweight Julianna Peña
47%
Heavyweight Junior dos Santos
47%
Middleweight Luke Rockhold
47%
Light Heavyweight Maurício Rua
47%
Heavyweight | Light Heavyweight Randy Couture
47%
Bantamweight Renan Barão
47%
Light Heavyweight Vitor Belfort
47%
Lightweight Anthony Pettis
42%
Lightweight Benson Henderson
42%
Light Heavyweight Rashad Evans
42%
Women's Strawweight Rose Namajunas
42%
Light Heavyweight Tito Ortiz
42%
Heavyweight Fabrício Werdum
37%
Heavyweight Frank Mir
37%
Lightweight Jens Pulver
37%
Women's Strawweight Joanna Jędrzejczyk
37%
Light Heavyweight Forrest Griffin
32%
Light Heavyweight Frank Shamrock
32%
Women's Strawweight Jéssica Andrade
32%
Heavyweight Kevin Randleman
32%
Heavyweight Maurice Smith
32%
Heavyweight Tim Sylvia
32%
Heavyweight Andrei Arlovski
26%
Women's Strawweight Carla Esparza
26%
Welterweight Carlos Newton
26%
Women's Bantamweight Miesha Tate
26%
Women's Bantamweight Raquel Pennington
26%
Middleweight Rich Franklin
26%
Lightweight Sean Sherk
26%
Middleweight Dave Menne
21%
Middleweight Evan Tanner
21%
Heavyweight Mark Coleman
21%
Middleweight Murilo Bustamante
21%
Women's Flyweight Nicco Montaño
21%
Welterweight Pat Miletich
21%
Heavyweight Ricco Rodriguez
21%
Heavyweight Josh Barnett
16%
Light Heavyweight Alex Pereira
11%
Heavyweight Antônio Rodrigo Nogueira
11%
Heavyweight Bas Rutten
11%
No matching quizzes found
Score Distribution
Percent of People with Each Score
Percentile by Number Answered
Your Score History
You have not taken this quiz since the last reset